000 01704cam a22004694i 4500
003 PE-LiUPU
005 20250731173530.0
008 150616s r 000 0 d
020 _a0805410953
035 _a(Sirsi) i9780805410952
040 _aPE-LiUPU
_bspa
_cPE-LiUPU
_erda
049 _aPRUA
082 0 4 _a254
_bM19
_221
100 1 _aMalony, Newton H.,
_eautor.
245 1 0 _aWin-Win Relationships.
264 1 _aTennessee :
_bBroadman & Holman Publishers,
_c1995.
300 _a179 páginas ;
_c23 centímetros
336 _atext
_2rdacontent
337 _aunmediated
_2rdamedia
338 _avolume
_2rdacarrier
504 _aIncluye bibliografía.
505 0 _aConflicts exist inside people, not between them.- Conflicts are a threat to self-esteem.- Conflicts come in many colors.- Conflicts can be reduced.- Conflicts reduction begins with you.- Conflicts reduction calls for analysis and action.- Conflicts can be prevent.
526 _aSEG42
526 _aSEG41
526 _aSEG40
526 _aSEG39
526 _aP94
526 _aP87
526 _aP86
526 _aP85
526 _aP77
526 _aP76
526 _aP35
650 0 4 _aIGLESIA - CONFLICTOS ADMINISTRATIVOS.
910 _ajck
_bjvq
_cjck
942 _2ddc
_cBOOK
949 _a254 M19
_wDEWEY
_c1
_i42239
_lCCODEBUL1
_mBUL
_r0
_sY
_tBOOK
_u2015-6-16
_xTEOLOGIA
_zUNKNOWN
_0COMPRA
_o.STAFF. Colección General
994 _aC0
_bPEPRU
596 _a1
999 _a254 M19
_wDEWEY
_c60069
_i42239
_f2021-11-10
_g5
_lCCODEBUL1
_mBUL
_r0
_sY
_tBOOK
_u2015-6-16
_xTEOLOGIA
_zUNKNOWN
_0COMPRA
_o.STAFF. Colección General
_d60069
980 _81
_gALBERTO SANCHEZ Responsable de Automatización